|
|
|
|
| LEADER |
00000nam a22000007a 4500 |
| 005 |
20201223101814.0 |
| 007 |
cr|||| |||| |
| 008 |
201223s2018 co |||||s|||| 00||0 spa d |
| 020 |
|
|
|a 978-958-781-274-9
|
| 035 |
|
|
|a 32393
|
| 040 |
|
|
|a vLex
|
| 090 |
|
|
|c 11005
|d 11005
|
| 100 |
1 |
|
|a Muriel Ciceri, Jos ̌Hernǹ
|
| 245 |
1 |
0 |
|a Paz, reconciliacin̤ y justicia transicional
|h [Recurso electrn̤ico] :
|b En Colombia y Amřica Latina /
|c Jos ̌Hernǹ Muriel Ciceri, Mariella Checa, Thomas Krüggeler
|
| 256 |
|
|
|a Servicio en ln̕ea
|
| 260 |
|
|
|a Bogot:̀
|b Pontificia Universidad Javeriana,
|c 2018
|
| 300 |
|
|
|a 1 recurso electrn̤ico
|
| 500 |
|
|
|a Libro de investigacin̤ interdisciplinaria que realiza un aporte cientf̕ico al anl̀isis de la paz, la reconciliacin̤ y la justicia transicional en Amřica Latina, y en el caso colombiano del proceso de paz con las Farc. Las investigaciones fueron realizadas por acadm̌icos de Latinoamřica y Alemania, y cada uno de los aportes ofrece una mirada analt̕ica sobre los hechos y sobre la literatura pertinente.
|
| 506 |
1 |
|
|a Disponible solo en los productos indicados
|d vLex Global
|d vLex Global (Academic Edition, excluding Law Schools)
|d vLex Global (U.S. Academic Edition, Law Schools)
|d vLex Global (U.S. Academic Edition, excluding Law Schools)
|d vLex Global (Academic Edition, Law Schools)
|
| 650 |
0 |
4 |
|a Ciencias sociales
|z Colombia
|
| 650 |
0 |
4 |
|a Sociologa̕
|z Colombia
|
| 650 |
0 |
4 |
|a Humanidades
|z Colombia
|
| 700 |
1 |
|
|a Checa, Mariella
|
| 700 |
1 |
|
|a Krüggeler, Thomas
|
| 740 |
0 |
|
|a vLex Libros (Servicio en ln̕ea)
|
| 856 |
4 |
0 |
|u http://vlex.com/source/paz-reconciliacion-y-justicia-transicional-en-colombia-y-america-latina-32393
|z Acceso restringido
|
| 942 |
|
|
|c BOOK
|
| 999 |
0 |
|
|a Social Sciences
|
| 999 |
0 |
|
|a Sociology
|
| 999 |
0 |
|
|a Humanities
|